1609 1319 1983 1272 1738 1017 1465 1177 1412 1009 1363 1057 1977 1640 1633 1476 1769 1893 1062 1015 1298 1170 1369 1751 1805 1071 2000 1956 1502 1309 1298 1377 1581 1819 1433 1442 1869 1496 1961 1017 1007 1933 1218 1983 1484 1856 1077 1850 1502 1300 1504 1667 1355 1609 1410 1081 1715 1424 1903 1654 1698 1168 1743 1433 1687 1179 1477 1562 1009 1148 1797 1838 1243 1445 1668 1532 1609 1141 1719 1595 1308 1596 1621 1617 1329 1051 1995 1637 1150 1384 1181 1185 1616 1141 1902 1739 1510 1995 1493 BCNSPRNW ULIB Ver.6.0+V

เปลี่ยนเป็นภาษาไทย

Change to English
 แสดงรายละเอียดบรรณานุกรม
  กลับหน้าหลัก

Brief Record : Get Marc (ISO 2709) : E-mail record : QR code < ปิดหน้าต่าง
LEADER : 00000nam 2200000uu 4500
001    13399128828
003     ULIB
008    241009s2563||||th 000 0 tha d
020    ^a9786164434349
060 04 ^aWY20.5^bม124ก
100 0  ^aมณี อาภานันทิกุล
245 10 ^aการวิจัยปรากฏการณ์วิทยา :^bการประยุกต์ใช้ในการวิจัยทางการพยาบาล /^cมณีอาภานันทิกุล
246 31 ^aPhenomenology : an application in nursing research
250    ^aพิมพ์ครั้งที่ 1
260    ^aกรุงเทพฯ :^bโครงการตำรารามาธิบดีคณะแพทยศาสตร์โรงพยาบาลรามาธิบดี มหาวิทยามหิดล,^c2563
300    ^aix, 284 หน้า :^bภาพประกอบ ;^c27 ซม.
650  2 ^aPhenomenology
650  2 ^aNursing^xResearch
650  4 ^aปรากฏการณ์วิทยา
650  4 ^aการพยาบาล^vวิจัย
710 2  ^aมหาวิทยามหิดล.^bคณะแพทยศาสตร์โรงพยาบาลรามาธิบดี
856    ^a^zสารบัญ^uhttps://drive.google.com/file/d/1jAR-_9_oYfdUAJaSKTYSPQjejHyDVI0J/view?usp=share_link
945    ^p300^l0^i011027
945    ^p300^l0^i011028
945    ^p300^l0^i011029
999    ^aประนอม เกษจรัล
รายการนี้ยังไม่มีแท็ก
คุณยังไม่ได้ล็อกอิน คุณสามารถมีกิจกรรมร่วมกับเว็บไซต์ได้ แต่ต้องล็อกอินก่อน ::
  ล็อกอิน

รายการสื่อสารสนเทศ

ลำดับที่ ประเภท เลขเรียก/บาร์โค้ด สถานที่ สถานะ
1. Book การพยาบาล
หนังสือสำรอง
สถานะ=หนังสือสำรอง
WY20.5 ม124ก ฉ.1 
  Barcode: 011027
ห้องสมุดวิทยาเขตสวรรค์ประชารักษ์
►หนังสือทั่วไป
บนชั้น
2. Book การพยาบาล
Book การพยาบาล
WY20.5 ม124ก ฉ.2 
  Barcode: 011028
ห้องสมุดวิทยาเขตสวรรค์ประชารักษ์
►หนังสือทั่วไป
บนชั้น
3. Book การพยาบาล
Book การพยาบาล
WY20.5 ม124ก ฉ.3 
  Barcode: 011029
ห้องสมุดวิทยาเขตสวรรค์ประชารักษ์
►หนังสือทั่วไป
บนชั้น

รายการใกล้เคียง
    ผู้แต่ง [มณี อาภานันทิกุล]

    หัวเรื่อง [Phenomenology]
    หัวเรื่อง [Nursing Research]
    หัวเรื่อง [ปรากฏการณ์วิทยา]

BibComment


ยังไม่เคยถูกคอมเมนท์

คอมเมนท์ทรัพยากรรายการนี้
  คอมเมนท์: การวิจัยปรากฏการ..


 Copyright 2026. Bcnsprnw @Library